Autocad 2000 :Tập 2, Giải quyết các lỗi thường gặp

সংরক্ষণ করুন:
গ্রন্থ-পঞ্জীর বিবরন
প্রধান লেখক: Nhóm tác giả Đại học Bách Khoa và Elicom
বিন্যাস: গ্রন্থ
ভাষা:Vietnamese
প্রকাশিত: Thống Kê 2000
বিষয়গুলি:
ট্যাগগুলো: ট্যাগ যুক্ত করুন
কোনো ট্যাগ নেই, প্রথমজন হিসাবে ট্যাগ করুন!
Thư viện lưu trữ: Mạng thư viện Đại học Đà Nẵng
LEADER 01043nam a2200313 a 4500
001 000001716
003 02017
005 20171229145311.0
008 171229s2000 vie
040 |a LSK 
041 0 |a VIE 
082 0 |a 006.6  |b ĐAI 
100 1 |a Nhóm tác giả Đại học Bách Khoa và Elicom 
245 0 0 |a Autocad 2000 :Tập 2, Giải quyết các lỗi thường gặp 
260 |b Thống Kê  |c 2000 
300 |a 524 pages  |c 27 cm. 
653 |a Autocad (Phần mềm máy tính) 
852 |a Phòng Đọc - Phòng Mượn 
901 |a 6 
927 |a Sách chuyên khảo 
OWN |a LSK 
AVA |a UDN50  |b LSK  |d 006.6 ĐAI  |e available  |t Error 5001 Not defined in file expand_doc_bib_avail.  |f 6  |g 0  |h N  |i 0  |k 1 
999 |a From the UDN01 
AVA |a UDN50  |b LSK  |d 006.6 ĐAI  |e available  |t Error 5001 Not defined in file expand_doc_bib_avail.  |f 6  |g 0  |h N  |i 0  |k 1 
TYP |a Monograph 
TYP |a Printed language 
980 |a Mạng thư viện Đại học Đà Nẵng